[Event "Tourn. n9240"]
[Site "www.chess-mail.com"]
[Date "2017.05.15"]
[Round "1"]
[White "Krystek23"]
[Black "Actmy"]
[WhiteElo "2320"]
[BlackElo "2330"]
[Result "0-1"]
[Round "1"]
1.c4 e6
2.Nb1c3 b6
3.Ng1f3 Bc8b7
4.e4 c5
5.d4 cxd4
6.Nf3xd4 Ng8f6
7.Qd1c2 Bf8b4
8.Bc1d2 Bb4xc3
9.Bd2xc3 Bb7xe4
10.Bf1d3 d5
11.Bd3xe4 Nf6xe4
12.cxd5 Qd8xd5
13.Nd4b5 Nb8a6
14.Bc3xg7 Rh8g8
15.Ra1d1 Qd5xb5
16.Qc2xe4 Qb5b4
17.Qe4xb4 Na6xb4
18.Bg7c3 Nb4d5
19.Bc3e5 f6
20.Be5g3 Ra8c8
21.Ke2 Kf7
22.Rd1d4 Rc8c2
23.Rd4d2 Rc2c6
24.Rh1d1 h5
25.Kf1 Rg8c8
26.h3 b5
27.Ke2 b4
28.Rd1a1 a5
29.Ra1d1 a4
30.Ke1 Kg6
31.Rd2d3 Kg5
32.Bg3h2 Rc6a6
33.Rd3g3 Kf5
34.Rg3f3 Kg6
35.Rf3g3 Kf7
36.Rg3d3 Rc8c5
37.Kd2 e5
38.Rd1c1 Rc5xc1
39.Kxc1 Ke6
40.Bh2g3 Ra6a8
41.Bg3h2 h4
42.Kb1 f5
43.Rd3d1 f4
44.Rd1c1 Ra8g8
45.Rc1g1 b3
46.Ka1 e4
47.Kb1 e3
48.fxe3 bxa2
49.Kxa2 fxe3
50.g4 hxg3
51.Rg1xg3 e2
52.Rg3xg8 e1Q
53.Rg8e8 Nd5e7
54.Bh2c7 Kd7
55.Re8h8 Kxc7
56.h4 Qe1e6
57.Ka1 Ne7c6
58.h5 Nc6b4
59.Rh8h7 Kc6
60.b3 a3
61.Rh7h6 Qe6xh6
62.Kb1 Qh6h7
63.Ka1 Qh7g7
{ resign }
0-1

[Event "Tourn. n9354"]
[Site "www.chess-mail.com"]
[Date "2017.05.15"]
[Round "1"]
[White "Libiesse"]
[Black "Cjood"]
[WhiteElo "1980"]
[BlackElo "1940"]
[Result "0-1"]
[Round "1"]
1.d4 d6
2.Ng1f3 b5
3.Bc1f4 Ng8f6
4.h3 Bc8f5
5.e3 a6
6.c4 bxc4
7.Bf1xc4 c6
8.O-O Qd8b6
9.b3 h6
10.Nb1c3 Nb8d7
11.Qd1e2 a5
12.Rf1c1 Nf6e4
 { time }
0-1

[Event "Tourn. n9315"]
[Site "www.chess-mail.com"]
[Date "2017.05.15"]
[Round "1"]
[White "Wwgia"]
[Black "Balbyns"]
[WhiteElo "1900"]
[BlackElo "1830"]
[Result "0-1"]
[Round "1"]
1.d4 Ng8f6
2.c4 e6
3.Ng1f3 d5
4.Nb1c3 c6
5.Bc1g5 Nb8d7
6.e3 Bf8b4
7.Qd1b3 Bb4a5
8.Bf1e2 dxc4
9.Be2xc4 b5
10.Bc4e2 Qd8c7
11.O-O O-O
12.Ra1c1 a6
13.e4 Bc8b7
14.d5 Nd7c5
15.Qb3c2 Ba5xc3
16.Bg5xf6 Bc3xf6
17.Qc2xc5 Bf6e7
18.Qc5c2 exd5
19.exd5 Ra8c8
20.dxc6 Qc7xc6
21.Qc2d2 Qc6e6
22.Rf1e1 Rc8xc1
23.Re1xc1 Rf8e8
24.Nf3d4 Qe6g6
25.Be2f3 Be7g5
{ resign }
0-1

[Event "Tourn. n9375"]
[Site "www.chess-mail.com"]
[Date "2017.05.15"]
[Round "1"]
[White "Bojan"]
[Black "Cjood"]
[WhiteElo "1970"]
[BlackElo "1970"]
[Result "1-0"]
[Round "1"]
1.e4 e5
2.Ng1f3 Nb8c6
3.c3 Bf8c5
4.b4 Bc5e7
5.d3 b5
6.h4 d6
7.g3 a6
8.a4 bxa4
9.Qd1xa4 Ng8f6
10.Bc1g5 Bc8d7
11.b5 Nc6b8
12.Qa4b3 Bd7xb5
13.c4 Bb5d7
14.Nf3h2 Nb8c6
15.Bg5e3 O-O
16.f3 Nf6h5
17.Be3f2 a5
18.Nb1c3 Bd7e6
19.Nc3d5 Ra8b8
20.Qb3c3 Rb8a8
21.Bf1e2 Be6xd5
22.cxd5 Nc6b4
23.Nh2g4 Nh5f6
24.Ng4e3 Qd8d7
25.g4 g6
26.d4 exd4
27.Qc3xd4 c5
28.dxc6 Nb4xc6
29.Qd4a4 Rf8b8
30.O-O d5
31.exd5 Nf6xd5
32.Rf1d1 Nd5c3
33.Rd1xd7 Nc3xa4
34.Ra1xa4 Be7b4
35.Ne3d5 Bb4f8
36.Nd5b6 Ra8a7
37.Rd7xa7 Nc6xa7
38.Nb6d7 Rb8b1
39.Kg2 Na7c6
40.Nd7xf8 Kxf8
41.Be2d3 Rb1d1
42.Bd3e4 Nc6e5
43.Ra4xa5 Ne5c4
44.Ra5a7 Rd1d2
45.Kg3 Kg7
46.Ra7c7 Nc4d6
47.Be4b1 Rd2d1
48.Bb1a2 Rd1d2
49.Rc7a7 Kf6
50.Bf2e3 Rd2d3
51.g5 Kg7
52.Be3c5 Nd6f5
53.Kf4 Rd3d8
54.Ba2xf7 Nf5xh4
55.Bf7e6 Kh8
56.Bc5e7 Rd8d4
57.Kg3 Nh4f5
58.Be6xf5 { resign }
1-0

[Event "Tourn. n9337"]
[Site "www.chess-mail.com"]
[Date "2017.05.15"]
[Round "1"]
[White "Aiko1603"]
[Black "Libiesse"]
[WhiteElo "1980"]
[BlackElo "2010"]
[Result "1-0"]
[Round "1"]
1.c4 g6
2.Nb1c3 Bf8g7
3.g3 Nb8c6
4.Bf1g2 e6
5.Ng1f3 Ng8e7
6.d3 O-O
7.O-O b6
8.Bc1g5 h6
9.Bg5xe7 Qd8xe7
10.e3 Bc8b7
11.d4 Rf8d8
12.Nc3b5 d6
13.d5 exd5
14.cxd5 Nc6e5
15.Nf3d4 a6
16.Nb5c3  { time }
1-0

[Event "Tourn. n9328"]
[Site "www.chess-mail.com"]
[Date "2017.05.15"]
[Round "1"]
[White "Lightning"]
[Black "Hundegana"]
[WhiteElo "2140"]
[BlackElo "2050"]
[Result "1-0"]
[Round "1"]
1.d4 d5
2.c4 dxc4
3.Ng1f3 b6
4.e4 b5
5.a4 c6
6.axb5 cxb5
7.b3 Ng8f6
8.Nb1c3 b4
9.Nc3b5 c3
10.Bc1f4 Nb8c6
11.Nb5c7 Kd7
12.Nc7xa8 Bc8b7
13.Bf1b5 Qd8xa8
14.d5 Kc8
15.dxc6 Bb7xc6
16.Bb5a6 Bc6b7
17.Qd1e2 e6
18.O-O-O Bf8e7
19.Qe2c4 { resign }
1-0

[Event "Tourn. n9384"]
[Site "www.chess-mail.com"]
[Date "2017.05.15"]
[Round "1"]
[White "Bojan"]
[Black "Cjood"]
[WhiteElo "2010"]
[BlackElo "1970"]
[Result "0-1"]
[Round "1"]
1.e4 c5
2.Bf1c4 e6
3.Ng1f3 d5
4.exd5 exd5
5.Bc4b5 Bc8d7
6.Qd1e2 Bf8e7
7.Bb5xd7 Nb8xd7
8.d3 Ng8f6
9.Nb1c3 O-O
10.Bc1g5 Rf8e8
11.O-O Be7d6
12.Qe2d2 Qd8b6
13.Ra1b1 Qb6c6
14.a3 d4
15.Nc3e2 Nf6d5
16.c3 dxc3
17.bxc3 Re8xe2
18.Qd2xe2 Nd5xc3
19.Qe2b2 Nc3xb1
20.Rf1xb1 Nd7b6
21.Rb1c1 Ra8e8
22.Bg5e3 Nb6d5
23.Be3d4 f6
24.Qb2d2 Bd6f4
25.Bd4e3 Re8xe3
26.fxe3 Bf4xe3
{ resign }
0-1

[Event "Tourn. n9374"]
[Site "www.chess-mail.com"]
[Date "2017.05.15"]
[Round "1"]
[White "Cjood"]
[Black "Motorhead99"]
[WhiteElo "1920"]
[BlackElo "1860"]
[Result "1/2-1/2"]
[Round "1"]
1.Ng1f3 f5
2.d4 Ng8f6
3.Bc1f4 d6
4.c4 e6
5.Qd1b3 Nb8d7
6.Nb1c3 Bf8e7
7.O-O-O c6
8.h3 h6
9.e3 g5
10.Bf4h2 Qd8b6
11.Qb3xb6 axb6
12.b3 Nf6e4
13.Nc3xe4 fxe4
14.Nf3d2 Ra8xa2
15.Nd2xe4 Rh8f8
16.f3 e5
17.d5 c5
18.Rd1d2 Ra2xd2
19.Kxd2 Nd7f6
20.Ne4xf6 Rf8xf6
21.e4 h5
22.Bf1e2 h4
23.Rh1a1 Kd7
24.Ra1a8 Kc7
25.Be2d3 Bc8d7
26.Ra8g8 Rf6f8
27.Rg8xf8 Be7xf8
28.Ke3 Bf8e7
29.Bd3f1 Be7f6
{ draw }
1/2-1/2

[Event "Tourn. n9350"]
[Site "www.chess-mail.com"]
[Date "2017.05.15"]
[Round "1"]
[White "Malbertan"]
[Black "Sorento"]
[WhiteElo "2160"]
[BlackElo "2260"]
[Result "0-1"]
[Round "1"]
1.e4 c5
2.Ng1f3 d6
3.d4 cxd4
4.Qd1xd4 Nb8c6
5.Bf1b5 Bc8d7
6.Bb5xc6 Bd7xc6
7.Nb1c3 Ng8f6
8.Bc1f4 g6
9.O-O-O Bf8g7
10.e5 Nf6d7
11.Qd4e3 Bc6xf3
12.Qe3xf3 Nd7xe5
13.Qf3xb7 O-O
14.Rh1e1 Ra8b8
15.Qb7xa7 Ne5c4
16.Re1xe7 Bg7xc3
17.bxc3 Rb8a8
18.Qa7d4 Qd8xe7
19.Bf4h6 Nc4e5
20.f4 Rf8b8
21.fxe5 dxe5
22.Qd4d5 Qe7a3
{ resign }
0-1

[Event "Tourn. n9357"]
[Site "www.chess-mail.com"]
[Date "2017.05.15"]
[Round "1"]
[White "Leochessnut"]
[Black "Bojan"]
[WhiteElo "2070"]
[BlackElo "1980"]
[Result "0-1"]
[Round "1"]
1.c4 Ng8f6
2.b3 c5
3.Bc1b2 d5
4.cxd5 Nf6xd5
5.Nb1c3 Bc8f5
6.d3 f6
7.Nc3xd5 Qd8xd5
8.e4 Qd5e6
 { time }
0-1

[Event "Tourn. n9280"]
[Site "www.chess-mail.com"]
[Date "2017.05.15"]
[Round "1"]
[White "Taxrama"]
[Black "Nulladies"]
[WhiteElo "1780"]
[BlackElo "1800"]
[Result "0-1"]
[Round "1"]
1.e4 c5
2.Ng1f3 g6
3.Bf1c4 e6
4.d3 Bf8g7
5.Bc1g5 Ng8e7
6.Qd1d2 Bg7xb2
7.Bg5f6 Bb2xf6
8.e5 Bf6g7
9.Qd2f4 h6
10.Nb1d2 O-O
11.Ra1b1 Nb8c6
12.O-O f6
13.exf6 Rf8xf6
14.Qf4e3 Ne7f5
15.Qe3xc5 Bg7f8
16.Qc5b5 Nf5d6
17.Qb5b3 Nc6a5
18.Qb3c3 Bf8g7
19.Nd2e4 Nd6xe4
20.dxe4 d5
21.exd5 Na5xc4
22.Qc3xc4 exd5
23.Qc4b3 Rf6b6
24.Qb3d3 Rb6xb1
25.Rf1xb1 Bc8f5
26.Qd3e2 b6
27.Nf3e1 Qd8e8
28.Qe2d1 Ra8d8
 { time }
0-1

[Event "Tourn. n9362"]
[Site "www.chess-mail.com"]
[Date "2017.05.15"]
[Round "1"]
[White "Cjood"]
[Black "Motorhead99"]
[WhiteElo "1900"]
[BlackElo "1740"]
[Result "1-0"]
[Round "1"]
1.e4 e5
2.Ng1f3 Nb8c6
3.Bf1c4 Bf8c5
4.O-O h6
5.c3 Ng8e7
6.d3 f6
7.Bc1e3 Bc5xe3
8.fxe3 d5
9.exd5 Ne7xd5
10.Bc4xd5 Qd8xd5
11.c4 Qd5d6
12.a3 Bc8g4
13.Nb1c3 O-O-O
14.Nc3d5 Nc6e7
15.Nd5xe7 Qd6xe7
16.Qd1c2 Qe7d7
17.Ra1d1 Bg4h5
18.h3 Bh5xf3
19.gxf3 Qd7xh3
20.Qc2g2 Qh3xg2
21.Kxg2 h5
22.Kg3 c5
23.f4 exf4
24.Rf1xf4 Rd8d7
25.Rf4f5 b6
26.d4 cxd4
27.exd4 Rh8d8
28.d5 Rd8h8
29.b4 h4
30.Kh3 Kc7
31.Rd1d4 Rd7d6
32.Rd4xh4 Rh8xh4
33.Kxh4 g6
34.Rf5f2 g5
35.Kh5 Kd7
36.Kg6 Ke7
37.a4 a6
38.Rf2f5 g4
39.Rf5f4 f5
40.Kxf5 g3
41.Rf4g4 Kf7
42.Rg4xg3 Rd6f6
43.Ke4 { resign }
1-0

[Event "Match"]
[Site "www.echecsemail.com"]
[Date "2017.05.15"]
[Round "1"]
[White "Mitja"]
[Black "Bojan"]
[WhiteElo "2010"]
[BlackElo "1990"]
[Result "0-1"]
[Round "1"]
1.d4 c6
2.c3 g6
3.e3 Bf8g7
4.Nb1d2 d5
5.Nd2b3 b6
6.Ng1f3 Ng8f6
7.h3 h6
8.Qd1c2 Bc8f5
9.Bf1d3 Bf5e4
10.Bd3xe4 dxe4
11.Nf3d2 Qd8d5
12.c4 Qd5f5
13.Nd2f1 Nb8d7
14.Nf1g3 Qf5e6
15.Nb3d2 c5
16.d5 Qe6e5
17.Ng3xe4 Nf6xe4
18.Nd2xe4 f5
19.Ne4c3 Nd7f6
20.Ra1b1 O-O
21.b3 f4
22.Bc1b2 fxe3
23.O-O exf2
24.Rf1xf2 Qe5g5
25.Nc3e4 Nf6xe4
26.Rf2xf8 Ra8xf8
27.Qc2xe4 Bg7xb2
28.Rb1f1 Bb2d4
{ resign }
0-1

[Event "Match"]
[Site "www.echecsemail.com"]
[Date "2017.05.15"]
[Round "1"]
[White "Ericleo1980"]
[Black "Motorhead99"]
[WhiteElo "2190"]
[BlackElo "1599"]
[Result "1-0"]
[Round "1"]
1.e4 c5
2.Ng1f3 d6
3.d4 cxd4
4.Nf3xd4 Ng8f6
5.Nb1c3 a6
6.Bc1e3 e5
7.Nd4b3 b5
8.f3 Bc8b7
9.Qd1d2 Nb8c6
10.O-O-O Qd8c7
11.g4 O-O-O
12.g5 Nf6d7
13.Nc3d5 Qc7b8
14.Qd2c3 Rd8e8
15.Nb3a5 Nd7c5
16.Na5xc6 Bb7xc6
17.b4 { resign }
1-0

[Event "Match"]
[Site "www.echecsemail.com"]
[Date "2017.05.15"]
[Round "1"]
[White "Said1991"]
[Black "Ericleo1980"]
[WhiteElo "1809"]
[BlackElo "2200"]
[Result "0-1"]
[Round "1"]
1.e4 c5
2.Nb1c3 d6
3.d3 Ng8f6
4.f4 g6
5.Ng1f3 Nb8c6
6.Bf1e2 Bf8g7
7.O-O O-O
8.h3 a6
9.a4 Qd8c7
10.g4 Ra8b8
11.Qd1e1 b5
12.axb5 axb5
13.Qe1h4 e6
14.f5 b4
15.Nc3d1 Nc6d4
16.Nf3xd4 cxd4
17.fxg6 fxg6
18.Bc1h6 Qc7xc2
19.g5 Nf6d7
20.Rf1xf8 Nd7xf8
21.Qh4f2 Bg7xh6
22.gxh6 Qc2c5
23.Qf2f6 Qc5e5
24.Qf6d8 Qe5g3
25.Kf1 e5
{ resign }
0-1

[Event "1/64 Finale"]
[Site "www.chess-mail.com"]
[Date "2017.05.15"]
[Round "1"]
[White "Guidom"]
[Black "Paulsyd"]
[WhiteElo "2040"]
[BlackElo "2059"]
[Result "0-1"]
[Round "1"]
1.e4 c5
2.Ng1f3 e6
3.d4 cxd4
4.Nf3xd4 a6
5.c3 Ng8f6
6.Bf1d3 Nb8c6
7.O-O e5
8.Nd4f5 d5
9.Nf5g3 Bf8e7
10.Bc1g5 dxe4
11.Bd3xe4 Nf6xe4
12.Qd1xd8 Nc6xd8
13.Ng3xe4 f6
14.Bg5e3 f5
15.Ne4d2 Nd8f7
16.f3 Bc8e6
17.Nd2b3 Ra8c8
18.Nb1d2 O-O
19.Ra1e1 g6
20.Be3f2 Rf8d8
21.h3 Rd8d6
22.Re1d1 Rc8d8
23.Rd1e1 Rd6xd2
24.Nb3xd2 Rd8xd2
25.b3 Rd2xa2
26.Re1b1 Ra2c2
27.c4 f4
28.Rf1d1 Be6f5
29.Rb1c1 Rc2b2
30.c5 Nf7d8
31.Rc1c3 Nd8c6
32.Rd1e1 a5
33.Re1a1 Nc6d4
34.Kf1 Bf5d7
35.Bf2xd4 Bd7b5
36.Kg1 exd4
37.Rc3c1 d3
38.Ra1xa5 Rb2e2
39.Ra5xb5 d2
40.Rc1f1 Re2e1
41.Rb5xb7 Re1xf1
42.Kxf1 d1Q
{ resign }
0-1

[Event "1/128 Finale"]
[Site "www.chess-mail.com"]
[Date "2017.05.15"]
[Round "1"]
[White "Rookie"]
[Black "Bojan"]
[WhiteElo "1380"]
[BlackElo "1960"]
[Result "1/2-1/2"]
[Round "1"]
1.e4 e5
2.Ng1f3 Nb8c6
3.d3 Bf8c5
4.Bc1e3 Bc5xe3
5.fxe3 d6
6.Nb1c3 Bc8e6
7.Bf1e2 Ng8e7
8.Nf3g5 Be6d7
9.d4 a6
10.Nc3d5 Ne7xd5
11.exd5 Nc6a7
12.Ng5e4 Qd8e7
13.O-O f6
14.dxe5 Qe7xe5
15.Qd1d4 O-O
16.Qd4xe5 fxe5
17.Rf1xf8 Ra8xf8
18.Ra1f1 b5
19.c4 g6
20.Ne4f6 Rf8xf6
21.Rf1xf6 { draw }
1/2-1/2

[Event "Tourn. n9338"]
[Site "www.chess-mail.com"]
[Date "2017.05.16"]
[Round "1"]
[White "Cjood"]
[Black "Roque1"]
[WhiteElo "1879"]
[BlackElo "1870"]
[Result "0-1"]
[Round "1"]
1.b3 e6
2.Bc1b2 Nb8c6
3.e3 Ng8f6
4.Ng1f3 Bf8e7
5.d4 d5
6.Nb1d2 O-O
7.h3 a6
8.Bf1d3 Qd8d6
9.c4 Nc6b4
10.Qd1e2 Bc8d7
11.c5 Qd6c6
12.Nf3e5 Nb4xd3
13.Qe2xd3 Qc6b5
14.Qd3xb5 Bd7xb5
15.a4 Bb5e8
16.f3 b6
17.cxb6 cxb6
18.g4 Be7b4
19.Ra1c1 b5
20.axb5 Be8xb5
21.Bb2c3 Rf8c8
22.Nd2b1 Nf6d7
23.Ne5xd7 Bb5xd7
24.O-O a5
25.Bc3xb4 axb4
26.Rc1xc8 Ra8xc8
27.f4 Rc8c2
28.Rf1f2 Rc2c1
29.Rf2f1 Rc1xf1
30.Kxf1 Bd7b5
31.Kf2 Bb5d3
32.Nb1d2 Kf8
33.h4 Ke7
34.Kf3 Kd6
35.g5 f6
36.gxf6 gxf6
37.e4 dxe4
38.Nd2xe4 Kd5
39.Ne4xf6 Kxd4
40.Nf6d7 Bd3c2
41.Ke2 Kc3
42.Nd7c5 Bc2xb3
43.Nc5xb3 Kxb3
44.Ke3 Kc3
45.Ke4 b3
46.Ke5 b2
47.Kxe6 b1Q
48.f5 Qb1e4
49.Kf6 Kd4
50.Kg5 Ke5
{ resign }
0-1

[Event "Tourn. n9337"]
[Site "www.chess-mail.com"]
[Date "2017.05.16"]
[Round "1"]
[White "Odin"]
[Black "Libiesse"]
[WhiteElo "1800"]
[BlackElo "2010"]
[Result "1-0"]
[Round "1"]
1.c4 c5
2.Nb1c3 e6
3.e3 Nb8c6
4.Ng1f3 Ng8f6
5.d4 cxd4
6.exd4 d6
7.Bf1e2 Bf8e7
8.O-O O-O
9.h3 Bc8d7
10.Bc1f4 a6
11.c5 d5
12.Qd1c2 h6
13.Rf1e1 Rf8e8
14.Nf3e5  { time }
1-0

[Event "Tourn. n9304"]
[Site "www.chess-mail.com"]
[Date "2017.05.16"]
[Round "1"]
[White "Libiesse"]
[Black "Sorento"]
[WhiteElo "1880"]
[BlackElo "1869"]
[Result "0-1"]
[Round "1"]
1.d4 Ng8f6
2.c4 g6
3.Nb1c3 d5
4.cxd5 Nf6xd5
5.e4 Nd5xc3
6.bxc3 Bf8g7
7.Ng1f3 c5
8.Bc1e3 O-O
9.Bf1c4 Qd8a5
10.Qd1b3 a6
11.O-O b5
12.Bc4e2 Nb8d7
13.Rf1d1 c4
14.Qb3c2 Nd7b6
15.Nf3e1 Bc8b7
16.Be2f3 e5
17.d5 Nb6a4
18.Ra1c1 f5
19.exf5 gxf5
20.d6 e4
21.Bf3h5 Qa5d8
 { time }
0-1

[Event "Tourn. n9354"]
[Site "www.chess-mail.com"]
[Date "2017.05.16"]
[Round "1"]
[White "Bojan"]
[Black "Libiesse"]
[WhiteElo "1960"]
[BlackElo "1980"]
[Result "1-0"]
[Round "1"]
1.e4 c5
2.Ng1f3 e6
3.d4 cxd4
4.Nf3xd4 Nb8c6
5.Nd4xc6 bxc6
6.Bc1e3 d5
7.e5 Ng8e7
8.g4 Ne7g6
9.Be3d4 Qd8c7
10.Qd1e2 a5
11.c4 c5
12.Bd4e3 Qc7xe5
13.cxd5 Bc8a6
14.Qe2d2  { time }
1-0

[Event "Tourn. n9302"]
[Site "www.chess-mail.com"]
[Date "2017.05.16"]
[Round "1"]
[White "Castletyme"]
[Black "Libiesse"]
[WhiteElo "1760"]
[BlackElo "1880"]
[Result "1-0"]
[Round "1"]
1.e4 c5
2.Ng1f3 e6
3.Bf1e2 Nb8c6
4.O-O Qd8c7
5.d3 a6
6.Nb1c3 b5
7.Nc3b1 Bc8b7
8.c3 Ra8d8
9.Nb1d2 d5
10.exd5 exd5
11.Rf1e1 Ng8e7
12.Nd2f1 g6
13.Nf1g3 Bf8g7
14.Bc1g5 O-O
15.Bg5xe7 Qc7xe7
16.Be2f1 Qe7d6
17.Ra1b1 Rf8e8
18.Qd1d2 d4
19.cxd4 Nc6xd4
20.Re1xe8 Rd8xe8
21.Nf3xd4 Qd6xd4
22.b3  { time }
1-0

[Event "Tourn. n9343"]
[Site "www.chess-mail.com"]
[Date "2017.05.16"]
[Round "1"]
[White "Nulladies"]
[Black "Cal"]
[WhiteElo "1880"]
[BlackElo "1720"]
[Result "1-0"]
[Round "1"]
1.d4 d5
2.Bc1f4 h6
3.Ng1f3 Ng8f6
4.e3 e6
5.Nb1d2 a6
6.h3 Bc8d7
7.c4 Bf8b4
8.a3 Bb4xd2
9.Qd1xd2 b6
10.Nf3e5 Nf6e4
11.Qd2d1 O-O
12.Bf1d3 c6
13.cxd5 cxd5
14.Qd1g4 Kh7
15.f3 f5
16.Qg4g6 Kh8
17.fxe4 Bd7e8
18.Qg6xe6 Rf8f6
19.Qe6xd5 Rf6d6
20.Qd5xa8 Nb8d7
21.Qa8xd8 Rd6e6
22.exf5 Nd7xe5
23.fxe6 Ne5xd3
24.Kd2 Nd3f2
25.Qd8xe8 Kh7
26.Rh1f1 { resign }
1-0

[Event "Tourn. n9363"]
[Site "www.chess-mail.com"]
[Date "2017.05.16"]
[Round "1"]
[White "Cjood"]
[Black "Autmich"]
[WhiteElo "2050"]
[BlackElo "1920"]
[Result "0-1"]
[Round "1"]
1.e4 e5
2.Ng1f3 Nb8c6
3.Bf1c4 Bf8c5
4.O-O Ng8f6
5.Nb1c3 d6
6.a3 O-O
7.b4 Bc5d4
8.Nf3xd4 exd4
9.Nc3e2 Nf6xe4
10.Bc1b2 Qd8g5
11.Ne2xd4 Nc6xd4
12.Bb2xd4 Bc8h3
13.Qd1f3 Ne4xd2
14.Qf3xh3 Nd2xc4
15.f4 Qg5d5
16.Ra1d1 Qd5b5
17.Qh3g3 f6
18.Rf1e1 Rf8f7
19.Rd1a1 a5
20.bxa5 Qb5xa5
21.Bd4c3 Qa5b6
22.Kh1 d5
23.Ra1b1 Qb6d6
24.Rb1xb7 Nc4b6
25.Re1b1 Qd6c6
26.Rb7xb6 cxb6
27.Bc3b4 Qc6xc2
28.Rb1e1 Rf7c7
29.h3 d4
30.f5 Rc7c8
31.Qg3d6 Rc8d8
32.Qd6xb6 d3
33.Re1e7 d2
34.Qb6e6 Kh8
35.Bb4xd2 Qc2xd2
36.Qe6f7 Qd2c1
37.Kh2 Qc1f4
38.g3 Qf4f2
{ resign }
0-1

[Event "Tourn. n9368"]
[Site "www.chess-mail.com"]
[Date "2017.05.16"]
[Round "1"]
[White "Antuan72"]
[Black "Bojan"]
[WhiteElo "1920"]
[BlackElo "2000"]
[Result "1-0"]
[Round "1"]
1.e4 e5
2.Ng1f3 d6
3.Nb1c3 c6
4.Bf1e2 h6
5.h3 Ng8f6
6.d4 Nb8d7
7.O-O Nd7b6
8.dxe5 dxe5
9.Qd1xd8 Kxd8
10.Rf1d1 Kc7
11.Nf3xe5 Bc8e6
12.Bc1f4 Bf8d6
13.Rd1xd6 Kxd6
14.Ne5xf7 Ke7
15.Nf7xh8 Ra8xh8
16.Ra1d1 Nb6d7
17.Bf4d6 Ke8
18.e5 Nf6d5
19.Be2h5 Kd8
20.Nc3xd5 Be6xd5
21.b3 Rh8g8
22.c4 Bd5e6
23.Bh5g6 Nd7f8
24.Bd6xf8 Kc7
25.Bf8d6 Kb6
26.c5 Kb5
27.Rd1d4 b6
28.Bg6d3 { resign }
1-0

[Event "Tourn. n9324"]
[Site "www.chess-mail.com"]
[Date "2017.05.16"]
[Round "1"]
[White "Redabond"]
[Black "Azulmarino"]
[WhiteElo "1670"]
[BlackElo "1570"]
[Result "0-1"]
[Round "1"]
1.d4 d5
2.Bc1f4 Nb8c6
3.Nb1c3 Ng8f6
4.Nc3b5 Ra8b8
5.Bf4xc7 Qd8d7
6.Bc7xb8 Nc6xb8
7.e3 a6
8.Nb5c3 Qd7f5
9.Bf1d3 Qf5g4
10.Qd1xg4 Nf6xg4
11.h3 Ng4f6
12.O-O-O e6
13.Ng1f3 h6
14.Rd1e1 Bf8d6
15.e4 Bc8d7
 { time }
0-1

[Event "Tourn. n9355"]
[Site "www.chess-mail.com"]
[Date "2017.05.16"]
[Round "1"]
[White "Cjood"]
[Black "Nulladies"]
[WhiteElo "1940"]
[BlackElo "1910"]
[Result "1-0"]
[Round "1"]
1.d4 Ng8f6
2.Nb1c3 e6
3.Bc1f4 Nb8c6
4.Nc3b5 d6
5.c4 a6
6.Nb5c3 Bf8e7
7.h3 e5
8.Bf4e3 exd4
9.Be3xd4 Nc6xd4
10.Qd1xd4 c5
11.Qd4d3 O-O
12.Ng1f3 g6
13.g4 Bc8e6
14.e4 Nf6d7
15.Ra1b1 Be7f6
16.Qd3xd6 Bf6e7
17.Qd6g3 Be7f6
18.Nc3d5 Qd8a5
19.Nd5c3 Bf6xc3
20.bxc3 Qa5xc3
21.Kd1 Be6xc4
22.Rb1c1 Bc4b3
23.axb3 Qc3xb3
24.Ke1 Qb3b4
25.Nf3d2 Rf8e8
26.Bf1g2 Nd7f6
27.Qg3f4 Nf6d5
28.Qf4g5 Qb4d4
29.Kf1 f6
30.Qg5h6 Nd5e7
31.Nd2b3 Qd4d3
32.Kg1 Qd3xb3
33.Rc1xc5 b6
34.Rc5c7 Re8c8
35.Rc7xe7 Rc8c1
36.Bg2f1 Rc1xf1
37.Kxf1 Qb3d1
38.Kg2 { resign }
1-0

[Event "Match"]
[Site "www.echecsemail.com"]
[Date "2017.05.16"]
[Round "1"]
[White "Cjood"]
[Black "Falcoale"]
[WhiteElo "1879"]
[BlackElo "1970"]
[Result "0-1"]
[Round "1"]
1.e3 c5
2.Ng1f3 Nb8c6
3.c3 e6
4.Qd1c2 Ng8f6
5.d4 cxd4
6.exd4 d5
7.Bf1d3 h6
8.Bc1f4 Bf8e7
9.Nb1d2 O-O
10.h3 Bc8d7
11.g4 Ra8c8
12.O-O-O Nc6b4
13.Qc2b1 Nb4xd3
14.Qb1xd3 a6
15.Nf3e5 Bd7b5
16.Qd3c2 Qd8b6
17.g5 hxg5
18.Bf4xg5 Rf8e8
19.Ne5g4 Rc8c7
20.Ng4xf6 Be7xf6
21.Bg5xf6 gxf6
22.Rd1g1 Kf8
23.Qc2h7 Ke7
24.Rg1g7 Kd8
25.Kc2 Qb6xd4
26.Rh1h2 Qd4e5
27.Nd2f3 Qe5e2
28.Nf3d2 d4
29.Rg7xf7 d3
30.Kc1 Qe2e1
{ resign }
0-1

[Event "Match"]
[Site "www.echecsemail.com"]
[Date "2017.05.16"]
[Round "1"]
[White "Redapond1"]
[Black "Caspito"]
[WhiteElo "1850"]
[BlackElo "1880"]
[Result "0-1"]
[Round "1"]
1.d4 Ng8f6
2.Bc1f4 g6
3.Ng1f3 Bf8g7
4.e3 d5
5.Nb1c3 Bc8g4
6.Bf1e2 Bg4xf3
7.Be2xf3 c6
8.O-O O-O
9.Rf1e1 Nb8d7
10.e4 dxe4
11.Nc3xe4 e6
12.g3 Nf6xe4
13.Bf3xe4 e5
14.dxe5 Nd7xe5
15.Qd1xd8 Ra8xd8
16.Bf4xe5 Bg7xe5
17.c3 Rd8d2
18.Be4xg6 fxg6
19.Re1xe5 Rf8xf2
20.Ra1e1 Rf2g2
21.Kh1 Rg2xh2
22.Kg1 Rd2g2
23.Kf1 Rg2xb2
24.Re5e2 Rb2xa2
25.Re2xh2 Ra2xh2
26.Re1e7 Rh2b2
27.Re7e3 a5
28.c4 b6
29.Re3e6 a4
30.Re6xc6 a3
{ resign }
0-1

[Event "Match"]
[Site "www.echecsemail.com"]
[Date "2017.05.16"]
[Round "1"]
[White "Caspito"]
[Black "Cjood"]
[WhiteElo "1900"]
[BlackElo "1970"]
[Result "1-0"]
[Round "1"]
1.e4 d6
2.d4 e5
3.d5 Ng8f6
4.Nb1c3 c6
5.Bf1c4 Qd8b6
6.b3 Nf6g4
7.Qd1f3 Ng4f6
8.Bc1e3 c5
9.Ng1e2 Bf8e7
10.Be3g5 Nb8d7
11.O-O O-O
12.a3 h6
13.Bg5h4 Nf6xd5
14.Nc3xd5 { resign }
1-0

[Event "Match"]
[Site "www.echecsemail.com"]
[Date "2017.05.16"]
[Round "1"]
[White "Pinehill"]
[Black "Motorhead99"]
[WhiteElo "2020"]
[BlackElo "1790"]
[Result "1-0"]
[Round "1"]
1.e4 e5
2.d4 exd4
3.Bf1c4 Nb8c6
4.Ng1f3 Bf8c5
5.O-O h6
6.c3 dxc3
7.Nb1xc3 Ng8e7
8.Bc1f4 O-O
9.a3 a6
10.b4 Bc5b6
11.Bc4d5 Ne7xd5
12.Nc3xd5 Rf8e8
13.Nd5xb6 cxb6
14.Bf4e3 Re8xe4
15.Qd1d5 Re4e6
16.Rf1d1 Nc6e7
17.Qd5h5 d5
18.Be3d4 Re6g6
19.Nf3e5 Rg6f6
20.Ra1c1 Rf6f5
21.Qh5e2 Bc8e6
22.h3 Rf5xe5
23.Qe2xe5 Ne7f5
24.Bd4b2 Qd8b8
25.Qe5e2 b5
26.Bb2e5 Qb8d8
27.Rc1c7 Ra8b8
28.Rd1c1 Nf5e7
29.Rc7xe7 { resign }
1-0

[Event "Match"]
[Site "www.echecsemail.com"]
[Date "2017.05.16"]
[Round "1"]
[White "Motorhead99"]
[Black "Guidom"]
[WhiteElo "1750"]
[BlackElo "2090"]
[Result "1/2-1/2"]
[Round "1"]
1.d4 d5
2.e3 c6
3.Bf1d3 Ng8f6
4.Nb1d2 Bc8g4
5.f3 Bg4h5
6.Ng1e2 Nb8d7
7.Ne2f4 Bh5g6
8.Nf4xg6 hxg6
9.e4 dxe4
10.fxe4 e5
11.c3 Bf8e7
12.Nd2f3 Qd8c7
13.O-O O-O-O
14.dxe5 Nd7xe5
15.Nf3xe5 Qc7xe5
16.Bc1f4 Qe5c5
17.Kh1 Nf6xe4
18.Qd1g4 f5
19.Qg4f3 Rd8xd3
20.Qf3xd3 Ne4f2
21.Rf1xf2 Qc5xf2
22.Ra1f1 Qf2xb2
23.Rf1b1 Qb2xa2
24.Rb1xb7 Kxb7
25.Qd3d7 Kb6
26.Qd7c7 Kb5
27.Qc7b7 Kc4
28.Qb7xc6 Kb3
29.Qc6b5 Kc2
30.Qb5e2 Kb3
31.Qe2b5 Kxc3
32.Bf4e5 Kd2
33.Be5f4 Kc3
34.Bf4e5 { draw }
1/2-1/2

[Event "Match"]
[Site "www.echecsemail.com"]
[Date "2017.05.16"]
[Round "1"]
[White "Biggles"]
[Black "Cjood"]
[WhiteElo "2080"]
[BlackElo "1960"]
[Result "1/2-1/2"]
[Round "1"]
1.e4 d5
2.exd5 Qd8xd5
3.Nb1c3 Qd5d8
4.d4 g6
5.Bf1c4 c6
6.Ng1f3 Bf8g7
7.O-O Bc8f5
8.Nf3e5 Bg7xe5
9.dxe5 Qd8xd1
10.Rf1xd1 Bf5xc2
11.Rd1e1 e6
12.Bc1g5 h6
13.Bg5e3 b5
14.Bc4e2 Nb8d7
15.Ra1c1 Bc2f5
16.Be3d4 a6
17.g4 b4
18.gxf5 bxc3
19.fxe6 fxe6
20.Bd4xc3 h5
21.Be2f3 Ng8e7
22.Bc3b4 Ra8c8
23.Bb4xe7 Kxe7
24.Rc1xc6 Rc8xc6
25.Bf3xc6 Nd7c5
26.Re1c1 Nc5d3
27.Rc1d1 Nd3xe5
28.Bc6b7 { draw }
1/2-1/2

[Event "Match"]
[Site "www.echecsemail.com"]
[Date "2017.05.16"]
[Round "1"]
[White "Cjood"]
[Black "Fangshuo"]
[WhiteElo "1960"]
[BlackElo "2080"]
[Result "0-1"]
[Round "1"]
1.e4 e6
2.c3 c5
3.d4 cxd4
4.cxd4 Bf8b4
5.Nb1c3 d5
6.exd5 Bb4xc3
7.bxc3 Qd8xd5
8.c4 Qd5d6
9.c5 Qd6d5
10.Ng1f3 Ng8e7
11.g3 Nb8c6
12.Bf1g2 Ne7f5
13.Nf3h4 Qd5c4
14.Bg2xc6 bxc6
15.Bc1b2 Nf5xh4
16.gxh4 O-O
17.Qd1f3 Bc8a6
18.a3 Ra8b8
19.Ra1b1 Rb8xb2
20.Rb1xb2 Qc4c1
21.Qf3d1 Qc1xb2
22.Qd1f3 Qb2xd4
23.Qf3xc6 Qd4e5
24.Kd1 Rf8d8
25.Kc1 Qe5c3
26.Kb1 Rd8b8
{ resign }
0-1

[Event "Match"]
[Site "www.echecsemail.com"]
[Date "2017.05.16"]
[Round "1"]
[White "Motorhead99"]
[Black "Caspito"]
[WhiteElo "1860"]
[BlackElo "1870"]
[Result "0-1"]
[Round "1"]
1.d4 g6
2.e4 Bf8g7
3.Nb1c3 d6
4.Ng1f3 Bc8g4
5.Bf1e2 Nb8d7
6.O-O Ng8f6
7.Rf1e1 Bg4xf3
8.Be2xf3 e5
9.Bc1g5 O-O
10.Qd1d2 exd4
11.Qd2xd4 Nd7e5
12.Qd4b4 Ne5xf3
13.gxf3 Qd8c8
14.Kh1 Qc8h3
15.Re1e3 b6
16.f4 Qh3d7
17.Bg5xf6 Bg7xf6
18.Ra1d1 Bf6h4
19.Nc3e2 Bh4xf2
20.Re3d3 Bf2c5
21.Qb4b3 c6
22.f5 Ra8e8
23.fxg6 hxg6
24.Ne2g3 Kg7
25.Qb3c3 f6
26.Ng3h5 gxh5
27.Rd3g3 Kf7
28.Rd1f1 Qd7e6
29.Rf1xf6 Qe6xf6
30.Rg3f3 Qf6xf3
31.Qc3xf3 Ke7
{ resign }
0-1